| 000 | 00357nam a2200145Ia 4500 | ||
|---|---|---|---|
| 008 | 150201s1989 xx 000 0 und d | ||
| 082 |
_a617.6 _bD1989L |
||
| 100 | _aLAMEY | ||
| 245 | _aDIAGNOSTIC PICTURE TESTS IN DENTISTRY | ||
| 250 | _a1ST | ||
| 260 |
_bWOLFE PUBLICATION _aENGLAND _c1989 |
||
| 300 | _a1-128 | ||
| 650 | _aORAL MEDICINE | ||
| 942 |
_2ddc _cBK |
||
| 999 |
_c3066 _d3066 |
||